00970cam a22003374i 4500003000900000005001700009008004100026035001800067040003300085082001700118100003800135245004300173264005800216300003100274336002100305337002500326338002300351505013700374526001000511526001000521526001000531526001000541526000800551526000800559526000800567526000800575526000800583526000800591526000800599650002500607PE-LiUPU20250731173539.0150616s r 000 0 d a(Sirsi) a8966 aPE-LiUPUbspacPE-LiUPUerda04a234bS292211 aScroggie, William Graham,eautor.14aThe Unfolding Drama of Redemption.n1. 1aGrand Rapids, Michigan :bKregel Publications,c1994. aVarias páginas ;c22 cm. atext2rdacontent aunmediated2rdamedia avolume2rdacarrier0 aFirst survey of the drama.- The unfolding drama.- The flood to Babel.- The Hebrew family.- The kings of Judah.- The kings of Israel. aSEG42 aSEG41 aSEG40 aSEG39 aP94 aP87 aP86 aP85 aP77 aP76 aP3504aSALVACION EN EL A.T.